03063nam a2200349 a 4500001001200000003000800012006001900020007001500039008004100054010001700095020002900112020002600141020002700167040002100194035002100215050002500236082001700261100002000278245013100298260003500429300002400464504005100488505017700539520158500716533015202301650003102453650004002484655002902524710001702553856012602570999001702696ebr10630582CaPaEBRm u cr cn|||||||||111123s2012 njua sb 001 0 eng d z 2011048573 z9781118155783 (hardback) z1118155785 (hardback) z9781118225981 (e-book) aCaPaEBRcCaPaEBR a(OCoLC)81300548314aHD30.2b.J673 2012eb04a303.48/32231 aJordan, John M.10aInformation, technology, and innovationh[electronic resource] :bresources for growth in a connected world /cJohn M. Jordan. aHoboken, N.J. :bWiley,c2012. axix, 396 p. :bill. aIncludes bibliographical references and index.0 asection I. Foundations -- section II. Work and organization -- section III. Business model disruption -- section IV. Technology landscapes -- section V. Some big questions. a"A big-picture look at how the latest trends in information management and technology are impacting business models and innovation worldwide. With all of the recent emphasis on "big data," analytics and visualization, and emerging technology architectures such as smartphone networks, social media, and cloud computing, the way we do business is undergoing rapid change. The right business model can create overnight sensations--think of Groupon, the iPad, or Facebook. At the same time, alternative models for organizing resources such as home schooling, Linux, or Kenya's Ushihidi tool transcend conventional business designs. Timely and visionary, Information, Technology, and the Future of Commerce looks at how the latest technology trends and their impact on human behavior are impacting business practices from recruitment through marketing, supply chains, and customer service. Discusses information economics, human behavior, technology platforms, and other facts of contemporary life Examines how humans organize resources and do work in the changing landscape Provides case studies profiling how competitive advantage can be a direct result of innovative business models that exploit these trends Revealing why traditional strategy formulation is challenged by the realities of the connected world, Information, Technology, and the Future of Commerce ties technology to business and social environments in an approachable, informed manner with innovative, big-picture analysis of what's taking place now in information strategy and technology"--cProvided by publisher. aElectronic reproduction.bPalo Alto, Calif. :cebrary,d2011.nAvailable via World Wide Web.nAccess may be limited to ebrary affiliated libraries. 0aTechnological innovations. 0aInformation technologyxManagement. 7aElectronic books.2local2 aebrary, Inc.40uhttp://site.ebrary.com/lib/rucke/Doc?id=10630582zAn electronic book accessible through the World Wide Web; click to view c52815d52815